000 00397nam a2200157Ia 4500
008 230711s9999||||xx |||||||||||||| ||und||
041 _aENG
082 _a800
_bPA-P
100 _aPaul,Samuel
245 0 _aPhilosophical background to western Literature
250 _a1st
260 _c1989
_aNew Delhi
_bTata McGraw Hill Education Limited
300 _a248
650 _aLiterature
942 _cBK
999 _c1984
_d1984